শব্দার্থতত্ত্ব / (Record no. 85902)
[ view plain ]
| 000 -LEADER | |
|---|---|
| fixed length control field | 00682nam a2200217 a 4500 |
| 001 - CONTROL NUMBER | |
| control field | 85902 |
| 003 - CONTROL NUMBER IDENTIFIER | |
| rucl marc code | BD-RjUL |
| 005 - DATE AND TIME OF LATEST TRANSACTION | |
| control field | 20251030151446.0 |
| 008 - FIXED-LENGTH DATA ELEMENTS--GENERAL INFORMATION | |
| fixed length control field | 251030s1955 ii ||||| |||| 00| 0 ben d |
| 035 ## - SYSTEM CONTROL NUMBER | |
| System control number | (BD-RjUL)85902 |
| 040 ## - CATALOGING SOURCE | |
| Original cataloging agency | BD-RjUL |
| Language of cataloging | eng |
| Transcribing agency | BD-RjUL |
| 041 ## - LANGUAGE CODE | |
| Language code of text/sound track or separate title | ben |
| 082 ## - DEWEY DECIMAL CLASSIFICATION NUMBER | |
| Edition number | 23 |
| Classification number | 891.2 |
| Author mark and year | RAS 1955 |
| 100 ## - MAIN ENTRY--PERSONAL NAME | |
| Personal name | রবীন্দ্রকুমার |
| 9 (RLIN) | 17262 |
| 245 ## - TITLE STATEMENT | |
| Title | শব্দার্থতত্ত্ব / |
| Statement of responsibility, etc. | রবীন্দ্রকুমার |
| 260 ## - PUBLICATION, DISTRIBUTION, ETC. (IMPRINT) | |
| Place of publication, distribution, etc. | কলিতা : |
| Date of publication, distribution, etc. | ১৯৫৫ |
| 300 ## - PHYSICAL DESCRIPTION | |
| Pagination | ২০৫ পৃ.; |
| Size | ১৯ সেমি. |
| 650 ## - SUBJECT ADDED ENTRY--TOPICAL TERM | |
| Topical term or geographic name as entry element | সংস্কৃত ভাষা |
| Topical term or geographic name as entry element | Sanskrit language |
| 942 ## - ADDED ENTRY ELEMENTS (KOHA) | |
| Source of classification or shelving scheme | Dewey Decimal Classification |
| Koha item type | Books |
| Lost status | Source of classification or shelving scheme | Damaged status | Not for loan | Collection code | Permanent Location | Current Location | Shelving location | Date acquired | Total Checkouts | Full call number | Date last seen | Copy number | Koha item type |
|---|---|---|---|---|---|---|---|---|---|---|---|---|---|
| Dewey Decimal Classification | Not For Loan | Non-fiction | Central Library, University of Rajshahi | Central Library, University of Rajshahi | Reading Room | 30/10/2025 | B 891.2 RAS 1955 | 30/10/2025 | C-1 | Books |